| 000 | 00663nam a2200229 a 4500 | ||
|---|---|---|---|
| 008 | |||
| 020 | _a9780750642866 (pbk.) | ||
| 049 | _aMAIN | ||
| 090 |
_aTA235 _bFOS |
||
| 245 | 1 | 0 |
_aFoseco non-ferrous foundryman's handbook / _cedited by John R. Brown. |
| 250 | _a11th ed. | ||
| 260 |
_aAmsterdam : _bElsevier Butterworth-Heinemann, _c1999. |
||
| 300 |
_ax, 296 p. : _bill. ; _c24 cm. |
||
| 500 | _aIncludes index. | ||
| 650 | 1 | _aNon-ferrous metals. | |
| 700 | _aBrown, John R. | ||
| 907 |
_a.b10320362 _b10-10-12 _c10-10-12 |
||
| 003 | |||
| 005 | 20230123125456.0 | ||
| 040 | _cNUST | ||
| 942 |
_cBOOKS _kTA235 _mFOS |
||
| 999 |
_c142181 _d142181 |
||